01174cab a22001814i 4500001001000000003001000010005001700020008004100037022001400078040004100092041000800133100004600141245008200187300006100269520055700330653001400887773009100901768714001CO-MdFUSB20240607104837.0170510s1993 cr ||||| |||| 00| 0 spa d a1409-1968 aCO-MdFUSBbspacCO-MdFUSBdCO-MdFUSB aspa1 aDeiros, Pablo A. (Alberto) (1945-)eautor10aUn imperio conquistador que no conquistó la renovaciónc/ Pablo A. Deiros aVolumen 11. Número 2 (1993), páginas 28-29c: 27 cm. aHace quinientos años. Europa estaba cambiando rápidamente y se estaba transformando en algo completamente nuevo, Estos cambios determinaron la nueva modalidad que la Iglesia habría de asumir en el período por venir: La Edad Moderna. La Edad Moderna, en Europa, se caracterizó por una serie de cambios de orden cultural, religioso, político, geográfico, los que fueron influidos por un profundo individualismo. Las transformaciones fueron muy evidentes en plano político y las monarquías absolutas europeas se impuso a la dela Iglesia. aConquista0 tApuntes Pastorales049442gVolumen 11. Número 2 (1993), páginas 28-29qPágina 28